[Event "Bergisch Gladbach-ch 25th"]
[Site "Bergisch Gladbach"]
[Date "2003.10.17"]
[Round "7.14"]
[White "Themm, Roland"]
[Black "Verdcheval, Hans"]
[Result "1/2-1/2"]
[WhiteElo "1455"]
[BlackElo "1561"]
[PlyCount "64"]
[EventDate "2003.08.??"]
[EventType "swiss"]
[EventRounds "7"]
[EventCountry "GER"]
[SourceTitle "EXT 2005"]
[Source "ChessBase"]
[SourceDate "2004.11.15"]
[SourceVersion "1"]
[SourceVersionDate "2004.11.15"]
[SourceQuality "1"]

1. e4 e6 2. d4 d5 3. e5 c5 4. c3 Nc6 5. Nf3 Qb6 6. Be2 cxd4 7. cxd4 Nge7 8. b3 Nf5 9. Be3 Bb4+ 10. Kf1 Bd7 11. g4 Nxe3+ 12. fxe3 Rc8 13. Nbd2 Bxd2 14. Qxd2 Qb4 15. Qd3 Na5 16. Kf2 Ke7 17. Rac1 a6 18. Qb1 g6 19. Rc2 Rxc2 20. Qxc2 Rc8 21. Qb1 Qc3 22. Rd1 Qc2 23. Qxc2 Rxc2 24. Rd2 Rc3 25. Ng5 h6 26. Nh7 Nc6 27. Nf6 Nb8 28. Ng8+ Kf8 29. Nf6 Kg7 30. h4 Bc6 31. h5 g5 32. Rb2 Nd7 1/2-1/2

[Event "Bergisch Gladbach-ch 25th"]
[Site "Bergisch Gladbach"]
[Date "2003.09.23"]
[Round "4.18"]
[White "Themm, Roland"]
[Black "Seelig, Jochen"]
[Result "1-0"]
[WhiteElo "1455"]
[BlackElo "1345"]
[PlyCount "35"]
[EventDate "2003.08.??"]
[EventType "swiss"]
[EventRounds "7"]
[EventCountry "GER"]
[SourceTitle "EXT 2005"]
[Source "ChessBase"]
[SourceDate "2004.11.15"]
[SourceVersion "1"]
[SourceVersionDate "2004.11.15"]
[SourceQuality "1"]

1. e4 e6 2. f4 b6 3. Nf3 Bb7 4. d3 g6 5. Nc3 Nf6 6. Be3 Bb4 7. Qd2 c5 8. a3 Bxc3 9. Qxc3 d5 10. exd5 Bxd5 11. Be2 Nc6 12. f5 0-0 13. Bg5 Kg7 14. fxg6 hxg6 15. 0-0 Nd4 16. Nxd4 Ne4 17. dxe4 cxd4 18. Qxd4+ 1-0